009780000a22002290004500090001400000245019400014650004100208650002500249650004100274650003100315650002100346650003700367651002300404653001200427041001300439700002800452100003000480942001300510773005000523999001700573952015800590 aARb0342510aWhere should nature reserves be located in the cape floristic region, south Africa? models for the spatial configuration of a reserve network aimed at maximizing the protection of floral...14aSistema de reservas naturales99702414aModelos nulos99361514aAlgoritmo riqueza de especies99702514aAlgoritmo de rareza99702614aEndemismo94855914aRegiones biogeográficas997027 4pSudáfrica992749 fRosidae0 aInglés1 aSiegfried, W. R.9970281 aRebelo, Anthony G.994284 cARTICULO1 tConservation Biology324h2q243-252d1992g6 c12476d12476 001040718HEMEROTECAaBogotabBogotad2015-02-27hFuera de circulaciónl0oAR 03425p014301r2015-03-25 00:00:00t1w2015-03-25xDonaciónyARTICULO